Toyota Car Quiz - Statistics

General Stats
  • This quiz has been taken 106 times
  • The average score is 6 of 24
Answer Stats
Hint Answer % Correct
Sedan Corolla
92%
Sedan Camry
80%
XUV RAV4
62%
Pickup Truck Tundra
51%
Coupe Supra
38%
Van HiAce
33%
XUV Corolla Cross
24%
MPV Alphard
22%
XUV Yaris Cross
20%
SUV Fortuner
19%
Sedan Vios
18%
Truck Dyna
16%
MPV Vellfire
16%
SUV Innova
15%
MPV Noah
13%
Sedan Corolla Altis
11%
Sedan Corolla Axio
11%
MPV Voxy
10%
SUV Estima
9%
SUV Urban Cruiser
8%
Hatchback Raize
6%
SUV Wish
6%
MPV Qualis
0%
MPV Unser
0%
No matching quizzes found
Score Distribution
Percent of People with Each Score
Percentile by Number Answered
Your Score History
You have not taken this quiz